| 000 | 00569nam a2200217Ia 4500 | ||
|---|---|---|---|
| 005 | 20241129115941.0 | ||
| 008 | 241129s9999||||xx |||||||||||||| ||und|| | ||
| 020 | _a9781501370717 | ||
| 037 | _aTB | ||
| 040 |
_aSDCL _beng _cSDCL |
||
| 041 |
_aeng _2eng |
||
| 084 |
_aR:(O), R2 _qSDCL |
||
| 100 |
_aLeo Jeffrey R. Di Ed. _9596050 |
||
| 245 | 0 | _aPhilosophy as world literature | |
| 260 |
_aDelhi _bDelhi Bloomsbury India _c2022 |
||
| 300 | _a294p. | ||
| 365 |
_aGBP _b28.99 |
||
| 650 | _aEnglish | ||
| 942 |
_cTB _hR:(O), R2 |
||
| 999 |
_c1232718 _d1232718 |
||